000 00475pam a2200181 i 4500
020 _a0063826720
040 _cDLC
082 0 0 _a515 HAR 1979 A035 Or.
100 1 _aFleming, Daniel J.,
245 1 0 _aCalculus with analytic geometry /
260 _aNew York :
_bHarper & Row,
_c1979.
300 _axiii, 796, [61] p. :
_bill. ;
_c29 cm.
500 _aIncludes index.
650 0 _aCalculus.
650 0 _aGeometry, analytic.
700 1 _aKaput, James J.,
942 _cEK
999 _c12648
_d12648